| 000 | 01451nam a2200217Ia 4500 | ||
|---|---|---|---|
| 003 | Ost | ||
| 005 | 20260507075035.0 | ||
| 008 | 260507s9999||||xx |||||||||||||| ||und|| | ||
| 040 | _cfsecg | ||
| 041 | _aara | ||
| 082 | _a330 | ||
| 100 |
_aسلطان، محمد سعيد أنور _eمؤلف |
||
| 245 | 0 |
_aالسلوك التنظيمي / _c محمد سعيد أنور سلطان |
|
| 260 |
_aالإسكندرية: _bدار الجامعة الجديدة, _c2003 |
||
| 300 |
_a480 صفحة؛ _bإيضاحات ؛ _c23 سم |
||
| 520 | _aطبيعة ودراسة المنظمات- العمليات الإنسانية الأساسية، الإدراك والتعلم- الإختلافات الفردية، الشخصية والقدرات- الفرد في المنظمة- طبيعة الدافعية وبعض نظرياتها المبكرة وتطبيقاتها في المنظمات المعاصرة- الإتجاهات المتعلقة بالعمل- عمليات الجماعات- ديناميات الجماعة- العمل الفريقي في المنظمات- الصراع في المنظمات- التأثير في الأخرين- القيادة، النفوذ والقوة- المناورات السياسية في المنظمات وتفعيل القوة-العمل في القرن الواحد والعشرين | ||
| 653 | _aإداة الأفراد- السلوك | ||
| 653 | _aالإدارة | ||
| 653 | _aالتنظيم | ||
| 942 | _cكتاب | ||
| 999 |
_c42443 _d42443 |
||